| 000 | 00813nam a22001697a 4500 | ||
|---|---|---|---|
| 999 |
_c63558 _d63558 |
||
| 003 | Ge_BSU | ||
| 005 | 20251029202330.0 | ||
| 008 | 251029s1973 ge ||||| |||| 00| 0 geo d | ||
| 041 | _ageo | ||
| 080 | _a330.342.14 ხ-94 | ||
| 100 |
_aხურციძე, ნ. _926130 |
||
| 245 |
_aთანამედროვე კაპიტალისტური წარმოების ციკლური განვითარების თავისებურებანი / _c ნ. ხურციძე. |
||
| 264 |
_aთბილისი : _bსაქართველოს კპ ცკ-ის გამ-ბა, _c1973. |
||
| 300 |
_a36 გვ. ; _b19 სმ. |
||
| 653 | _aკაპიტალისტური წარმოების წესი. | ||
| 942 |
_2udc _cᲬᲘᲒᲜᲘ |
||